Guess the Fusion Rock Song Lyrics #233 - Statistics

General Stats
  • This quiz has been taken 10 times
  • The average score is 92 of 165
Answer Stats
Answer % Correct
a
100%
love
88%
you
88%
You
88%
can
75%
do
75%
for
75%
For
75%
got
75%
in
75%
it
75%
It's
75%
That
75%
the
75%
there
75%
to
75%
To
75%
What
75%
what
75%
Why
75%
your
75%
are
63%
be
63%
don't
63%
have
63%
life
63%
more
63%
See
63%
see
63%
share
63%
tell
63%
time
63%
you're
63%
about
50%
away
50%
Give
50%
give
50%
I'm
50%
so
50%
someone
50%
than
50%
their
50%
use
50%
you've
50%
chance
38%
little
38%
lose
38%
lot
38%
much
38%
once
38%
over
38%
Take
38%
Try
38%
try
38%
waiting
38%
Waiting
38%
better
25%
giving
25%
Nicolette Larson
25%
really
25%
talking
25%
There's
25%
trying
25%
Won't
25%
care
13%
news
13%
Someone's
13%
Someones'
13%
started
13%
blues
0%
driven
0%
everywhere
0%
hide
0%
singing
0%
No matching quizzes found
Score Distribution
Percent of People with Each Score
Percentile by Number Answered
Your Score History
You have not taken this quiz